Manual de intervención clínica en psicogerontología /

Guardado en:
Detalles Bibliográficos
Autor principal: Deví Bastida, Josep (coord.)
Formato: Libro
Idioma:Español
Publicado: Barcelona, España : Herder, 2012, c2012
Colección:(Albor)
Temas:
Etiquetas: Agrega una etiqueta
Sin etiquetas, Sé el primero en etiquetar este registro!

MARC

LEADER 00000nam^a2200000^a^4500
001 000328999
005 20250521000000.0
009 20260310113922.223
020 |a 978-84-254-2851-7 
037 |a Acervo ITESO - Biblioteca 
041 |a ESP 
082 |a 618. 97  |b DEV 
100 |a Deví Bastida, Josep  |e (coord.) 
245 1 0 |a Manual de intervención clínica en psicogerontología /  |c Coord. de J. Deví Bastida. 
264 4 |a Barcelona, España :  |b Herder,  |c 2012, c2012 
300 |a 448 p. 
336 |a texto  |b txt  |2 rdacontenido 
337 |a sin mediación  |b n  |2 rdamedio 
338 |a volumen  |b nc  |2 rdasoporte 
440 1 |a (Albor) 
649 |a XX 
650 |a Ancianos -  |x Condiciones Psicológicas -  |x Tema Principal 
650 |a Autonomía Personal 
650 |a Ejercicio Físico 
650 |a Memoria 
650 |a Psicología Cognitiva 
650 |a Incontinencia Fecal 
650 |a Incontinencia Urinaria 
650 |a Derrame Cerebral 
650 |a Dolor Crónico 
650 |a Trastornos del Sueño 
650 |a Adicciones 
650 |a Demencia Senil y Presenil 
650 |a Ansiedad 
650 |a Depresión 
650 |a Farmacología 
650 |a Psicopatología 
650 |a Psicología Clínica -  |x Tema Principal 
650 |a Gerontología -  |x Tema Principal 
910 |a Fondo General 
920 |a Impresos - Libros 
930 |a Colección General 
905 |a 101 
901 |a 0500218340  |b IT1  |c ACC  |i C135801  |u 20250521 
902 |a https://opac.biblio.iteso.mx/vufind/Record/000328999